000 00490cam a22001934a 4500
005 20250605164224.0
008 250528s ||||||||||||||||||||||||d
035 _a20797
020 _a9608249317
040 _aGR-AtMCL
_bgre
_dGR-AtMCL
_eAACR2
245 1 _aΕΙΣΑΓΩΓΗ ΣΤΗΝ ΕΛΕΓΚΤΙΚΗ
250 _a1
260 _bΓ. Μπενου,
_c1999
300 _a416
700 1 _aΠαπας Αντωνης Α
_95276
942 _cBK
999 _c5879
_d5879